Formations of the secular : Christianity, Islam, modernity

Αποθηκεύτηκε σε:
Λεπτομέρειες βιβλιογραφικής εγγραφής
Κύριος συγγραφέας: Asad, Talal
Μορφή: Βιβλίο
Γλώσσα:English
Δημοσίευση: Stanford, Calif. : Stanford University Press, 2003
Σειρά:Cultural memory in the present
Θέματα:
Ετικέτες: Προσθήκη ετικέτας
Δεν υπάρχουν, Καταχωρήστε ετικέτα πρώτοι!

MARC

LEADER 00000nam a2200000 i 4500
001 1/59173
008 040817s2003 eng d
020 |a 0-8047-4768-7 
035 |l 10074073 
040 |a GR-MY-UA  |b gre  |e aacr 
041 0 |a eng 
082 0 |a 291.17  |2 (21) 
100 1 |a Asad, Talal. 
245 1 0 |a Formations of the secular :  |b Christianity, Islam, modernity /  |c Talal Asad 
260 |a Stanford, Calif. :   |b Stanford University Press,   |c 2003 
300 |a 269 σ.;  |c 23 εκ. 
490 1 |a Cultural memory in the present 
504 |a Περιέχει βιβλιογραφία και ευρετήριο 
650 0 0 |a Secularism. 
650 0 0 |a Islam and politics. 
650 0 0 |a Christianity and politics. 
830 0 |a Cultural memory in the present 
852 |a INST  |b LESVOS  |e 20040817  |h 291.17 ASA  |p 005100030454  |q 005100030454  |t BK  |y 0 
901 |a BIBL1-2004-2 
909 |a Λ  |b 111788 
920 |a ΤΑΚΤΙΚΟΣ ΚΟΙΝΩΝΙΚΗΣ ΑΝΘΡΩΠΟΛΟΓΙΑΣ ΚΑΙ ΙΣΤΟΡΙΑΣ  |y ΛΕΣΒΟΣ  |z 2004-05 
970 |a ΧΡΙΣΤΟΦΑ  |b ΝΙΚΗ  |z 2004/08/17